| 000 | 00413nam a2200181Ia 4500 | ||
|---|---|---|---|
| 003 | OSt | ||
| 005 | 20220311062927.0 | ||
| 008 | 211109s9999||||xx |||||||||||||| ||und|| | ||
| 040 | _cSBCL | ||
| 082 |
_a588 _bPAR-B |
||
| 100 | _aParihar, N S | ||
| 245 | 0 | _aBRYOPHYTA | |
| 260 |
_bLongmans _aLondon _c1973 |
||
| 300 | _a377p. | ||
| 630 | _xGeneral Stack | ||
| 650 |
_a Bryophytes _vPlants _xBotany |
||
| 942 | _cBOOK | ||
| 999 |
_c38404 _d38404 |
||